LEADER 01186nam0-22003491i-450- 001 990002011720403321 005 20040624152604.0 035 $a000201172 035 $aFED01000201172 035 $a(Aleph)000201172FED01 035 $a000201172 100 $a20030910d1932----km-y0itay50------ba 101 0 $aeng 102 $aUS 105 $ay---d---001yy 200 1 $aKey catalogue of parasites reported for insectivora (moles, shrews, etc.) with their possible public health importance$fC.W. Stiles, Samuel F. Stanley 210 $aWashington$cU.S. Treasury Department$d1932 215 $ap. 791-911 (pag. estratta)$d23 cm 225 1 $aNational Institute of Health Bulletin$v159 610 0 $aParassitologia 610 0 $aParassitismo 610 0 $aEcologia Animale 676 $a591.524 700 1$aStiles,$bC.W.$0360059 701 1$aStanley,$bSamuel F.$085154 801 0$aIT$bUNINA$gRICA$2UNIMARC 901 $aBK 912 $a990002011720403321 952 $a61 III D.3/21$b854$fDAGEN 959 $aDAGEN 996 $aKey catalogue of parasites reported for insectivora (moles, shrews, etc.) with their possible public health importance$9402384 997 $aUNINA LEADER 02061nam 2200577Ia 450 001 9910452192003321 005 20200520144314.0 010 $a1-61761-279-0 035 $a(CKB)2550000001041268 035 $a(EBL)3018312 035 $a(SSID)ssj0000857843 035 $a(PQKBManifestationID)12398788 035 $a(PQKBTitleCode)TC0000857843 035 $a(PQKBWorkID)10866116 035 $a(PQKB)10804341 035 $a(MiAaPQ)EBC3018312 035 $a(Au-PeEL)EBL3018312 035 $a(CaPaEBR)ebr10660173 035 $a(OCoLC)847526951 035 $a(EXLCZ)992550000001041268 100 $a20100107d2010 uy 0 101 0 $aeng 135 $aur|n|---||||| 181 $ctxt 182 $cc 183 $acr 200 10$aAdult stem cell survival$b[electronic resource] /$fAnatoly Konoplyannikov, Sergey Proskuryakov and Mikhail Konoplyannikov 210 $aNew York $cNova Science Publishers$dc2010 215 $a1 online resource (68 p.) 225 1 $aStem cells - laboratory and clinical research series 300 $aDescription based upon print version of record. 311 $a1-61668-035-0 320 $aIncludes bibliographical references and index. 327 $a""CONTENTS""; ""PREFACE""; ""ADULT STEM CELLS AND CELL RENEWAL SYSTEMS""; ""RADIOBIOLOGY OF ADULT STEM CELLS""; ""HYPERTHERMIA AND ADULT STEM CELLS""; ""PHENOMENON OF ""ISCHEMIA/REPERFUSION"" FOR ADULT STEM CELLS""; ""ACKNOWLEDGMENTS""; ""REFERENCES""; ""INDEX"" 410 0$aStem cells--laboratory and clinical research series. 606 $aStem cells 606 $aCell death 608 $aElectronic books. 615 0$aStem cells. 615 0$aCell death. 676 $a616/.02774 700 $aKonopliannikov$b A. G$g(Anatolii Georgievich)$0966245 701 $aProskuriakov$b Sergei$0966246 701 $aKonopliannikov$b Mikhail$0966247 801 0$bMiAaPQ 801 1$bMiAaPQ 801 2$bMiAaPQ 906 $aBOOK 912 $a9910452192003321 996 $aAdult stem cell survival$92192959 997 $aUNINA